=LDR 00000nam 2200000 4500 =001 INLIS000000000035258 =005 20251210025652 =035 ##$$a 0010-061300000035258 =008 251210###########################0#ind## =041 ##$$a ind =082 ##$$a 319.9 =090 ##$$a 398.2, Pur m =100 ##$$a Purniati, Hari =245 1#$$a Miaduka, /$c Hari Purwati =260 ##$$a Jakarta :$b Pusat Bahasa Deparetemen Pendidikan Nasional,$c 2009 =300 ##$$a vi,61 Hlm, : $b ilus ; $c 21 cm =650 #4$$a Cerita Rakyat =850 ##$$a NBPNMAT =084 ##$$a 398.2 PUR m =990 ##$$a 21601609/BPAP-NTB/2017 =990 ##$$a 3201712590 =990 ##$$a 30802307 =990 ##$$a 21601609/BPAP-NTB/2017